Online Catalogue and eLibrary

Shadow lives : (Record no. 134)

MARC details
000 -LEADER
fixed length control field 00552cam a2200205 a 4500
001 - CONTROL NUMBER
control field 12609341
005 - DATE AND TIME OF LATEST TRANSACTION
control field 20231204225124.0
008 - FIXED-LENGTH DATA ELEMENTS--GENERAL INFORMATION
fixed length control field 011024s2001 ii 000 0 eng
020 ## - INTERNATIONAL STANDARD BOOK NUMBER
ISBN 8186706399
040 ## - CATALOGING SOURCE (பட்டியலாக்க மூலம்)
Original cataloging agency DLC
Transcribing agency DLC
082 ## - DDC Classification
DDC Edition Number 22
Class No. 305.4
245 00 - TITLE STATEMENT
Title Shadow lives :
Remainder of title writings on widowhood /
Statement of responsibility, etc. edited by Uma Chakravarti, Preeti Gill.
260 ## - PUBLICATION, DISTRIBUTION, ETC.
Place of publication, distribution, etc. New Delhi :
Name of publisher, distributor, etc. Kali for Women,
Date of publication, distribution, etc. 2001.
300 ## - PHYSICAL DESCRIPTION
Extent (e.g. Volumes, Pages etc.) xii, 489 p. ;
650 #0 - SUBJECT ADDED ENTRY--TOPICAL TERM
Topical term or geographic name entry element Widows
650 #0 - SUBJECT ADDED ENTRY--TOPICAL TERM
Topical term or geographic name entry element Widowhood
700 1# - ADDED ENTRY--PERSONAL NAME
Personal name Chakravarti, Uma.
Relator term (Role) Editor
700 1# - ADDED ENTRY--PERSONAL NAME
Personal name Gill, Preeti.
Relator term (Role) Editor
942 ## - Koha item type (Biblio)
Koha item type Books in Stacks (Lending)
Holdings
Lost status Damaged status Collection code Home library Current library Date acquired Full call number Accession Number Item type
    Lending WERC Library WERC Library 12/05/2023 305.4 4579 Books in Stacks (Lending)

© WERC Library